000 02250nam a2200253Ia 4500
003 Ost
005 20260507075715.0
008 260507s9999||||xx |||||||||||||| ||und||
020 _a9789931748946
040 _cfsecg
041 _aara
082 _a658.8
100 _aوزاني، محمد
_eمؤلف
245 0 _aالتسويق :
_bمقاربة نظرية شاملة مدعمة بأسئلة وتمارين للتدريب /
_c محمد وزاني
260 _aالجزائر:
_bدار الباحث للنشر والإشهار,
_c2022
300 _a326 صفحة؛
_bإيضاحات ؛
_c24 سم
504 _aمراجع ص.237
520 _aعالج هاذا الكتاب التسويق من خلال استعراض أهم التعاريف، مراحل تطور التوجهات المفاهيمية له، الأدوار الرئيسية لوظيفة التسويق، أهميته ، نطاقه ومنافعه ، مجالات تطبيقه، الإطار التنظيمي لإدارة التنظيم، أهمية إدارة التسويق، وظائفه، الممارسات التسويقية، دراسة وتجزئة السوق ، خصائصه، أهداف دراسة السوق، تجزئة السوق، بالإضافة إلى سلوك المستهلك ونماذج قرار الشراء، المزيج التسويقي مفهومه وعناصره، تسويق الخدمات مفهومه وخصائصه، ومراحل تطوره وكذا مشاكل تسريق الخدمات والمزيج التسويقي الخدمي، التسويق الاستراتيجي والاستراتيجيات التسويقية التنافسية، نظام المعلومات وبحوث التسويق، التسويق الإلكتروني مفهومه ومتطلبات ممارسته ، العوامل المساعدة على انتشاره ، التجارة الإلكترونية، عناصر مزيج التسويق الإلكتروني، مزايا وعيوب استخدامه، تحدياته وسلوك المستهلك الإلكتروني.
653 _aالأسواق
653 _aالتسويق
700 _aحميدي، زقاي
_eمؤلف ثانوي
700 _aرماس، محمد أمين
_eمؤلف ثانوي
942 _cكتاب
999 _c45913
_d45913